Normal view
MARC view
Entry Personal Name
001 - CONTROL NUMBER
- control field: 224475
003 - CONTROL NUMBER IDENTIFIER
- control field: OSt
005 - DATE AND TIME OF LATEST TRANSACTION
- control field: 20250729165449.0
008 - FIXED-LENGTH DATA ELEMENTS
- fixed length control field: 250729|| aca||aabn | a|a d
040 ## - CATALOGING SOURCE
- Original cataloging agency: OSt
- Transcribing agency: OSt
100 ## - HEADING--PERSONAL NAME
- Personal name: ಪರಗಿ ಅನಸೂಯ ವಿ
670 ## - SOURCE DATA FOUND
- Source citation: Work cat.: (OSt)236426: ಪರಗಿ ಅನಸೂಯ ವಿ, ಮಾತೃಭಾಷೆ ಕನ್ನಡ-ತತ್ತ್ವ ಮತ್ತು ಮಾರ್ಗ, 2005